Vợ già chồng trẻ
保存先:
| 第一著者: | |
|---|---|
| フォーマット: | 図書 |
| 言語: | Undetermined |
| 出版事項: |
Thành phố Hồ Chí Minh
Phụ Nữ
2005
|
| 主題: | |
| タグ: |
タグ追加
タグなし, このレコードへの初めてのタグを付けませんか!
|
| Thư viện lưu trữ: | Trung tâm Học liệu Trường Đại học Cần Thơ |
|---|
| LEADER | 00577nam a2200205Ia 4500 | ||
|---|---|---|---|
| 001 | CTU_73931 | ||
| 008 | 210402s9999 xx 000 0 und d | ||
| 020 | |b 19000 | ||
| 082 | |a 895.922334 | ||
| 082 | |b Ch107 | ||
| 100 | |a Hồ, Biểu Chánh | ||
| 245 | 0 | |a Vợ già chồng trẻ | |
| 245 | 0 | |c Hồ Biểu Chánh | |
| 260 | |a Thành phố Hồ Chí Minh | ||
| 260 | |b Phụ Nữ | ||
| 260 | |c 2005 | ||
| 650 | |a Vietnamese fiction | ||
| 650 | |y 20th century | ||
| 904 | |i Mai Loan, QHieu | ||
| 980 | |a Trung tâm Học liệu Trường Đại học Cần Thơ | ||